| 000 | 01057nam a2200277 i 4500 | ||
|---|---|---|---|
| 001 | 105355 | ||
| 003 | ES-MaACL | ||
| 005 | 20231005142815.0 | ||
| 007 | t| | ||
| 008 | 060629s1969 sp ||||1| spa d | ||
| 080 | _a75 Fernández, Gloria (083.82) | ||
| 100 | 1 |
_aFernández, Gloria. _949367 |
|
| 245 | 1 | 0 |
_aGloria Fernández _b: [exposición, Sala del Prado del Ateneo de Madrid, marzo de 1969] / _c[texto: Luis Trabazo]. |
| 260 |
_a[Madrid] : _bPublicaciones Españolas, _c[1969] |
||
| 300 |
_a[8] p. : _bil. ; _c23 cm. |
||
| 490 | 1 |
_aCuadernos de arte. Serie divulgación ; _v128 |
|
| 600 | 1 | 4 |
_aFernández, Gloria- _vExposiciones. _949368 |
| 610 | 2 | 7 |
_aAteneo de Madrid- _vExposiciones- _y1960-1969. _91920 |
| 655 | 7 |
_2tgfbne _9193628 _aCatálogos de exposiciones |
|
| 700 | 1 |
_aTrabazo, Luis. _9111202 |
|
| 710 | 2 |
_aAteneo de Madrid. _bSala del Prado. _91965 |
|
| 830 | 0 |
_aCuadernos de arte. Serie divulgación ; _v128 _9184876 |
|
| 852 |
_aES-MaACL _j2205-F-46 _9109298 _bR.137789 _cDEPOF |
||
| 942 |
_2udc _cFOLLETOS |
||
| 999 |
_c105355 _d105355 |
||